The writer (Record no. 9156)

MARC details
000 -LEADER
fixed length control field 00781nam a22002177a 4500
003 - CONTROL NUMBER IDENTIFIER
control field OSt
005 - DATE AND TIME OF LATEST TRANSACTION
control field 20260316074703.0
008 - FIXED-LENGTH DATA ELEMENTS--GENERAL INFORMATION
fixed length control field 260316b |||||||| |||| 00| 0 eng d
020 ## - INTERNATIONAL STANDARD BOOK NUMBER
International Standard Book Number 978-971-9623-11-3
040 ## - CATALOGING SOURCE
Original cataloging agency DWCL GS lib
Transcribing agency OC
082 ## - DEWEY DECIMAL CLASSIFICATION NUMBER
Classification number S165w 2014
100 ## - MAIN ENTRY--PERSONAL NAME
Personal name SALINDONG, BIANCA
245 ## - TITLE STATEMENT
Title The writer
Statement of responsibility, etc. BIANCA SALINDONG
260 ## - PUBLICATION, DISTRIBUTION, ETC.
Place of publication, distribution, etc. Quezon City
Name of publisher, distributor, etc. VIVA PSICOM Publishing Corp
Date of publication, distribution, etc. 2014
300 ## - PHYSICAL DESCRIPTION
Extent 112 p
Dimensions 18 cm
520 ## - SUMMARY, ETC.
Summary, etc. a fast-paced thriller following NYPD Detective Declan Shaw, who investigates renowned true-crime author Denise Morrow after her husband is found dead.
650 ## - SUBJECT ADDED ENTRY--TOPICAL TERM
Topical term or geographic name entry element a blend of rigorous self-discipline
650 ## - SUBJECT ADDED ENTRY--TOPICAL TERM
Topical term or geographic name entry element aligning actions with personal values rather than external approval.
700 ## - ADDED ENTRY--PERSONAL NAME
Personal name BIANCA SALINDONG
942 ## - ADDED ENTRY ELEMENTS (KOHA)
Source of classification or shelving scheme Dewey Decimal Classification
Koha item type Fiction
Suppress in OPAC No

No items available.